Nostalgia yang hilang

Bibliographic Details
Main Author: Mohammed Latiff Mohammed
Format: Book
Published: Kuala Lumpur : Pekan Ilmu Publications , 2004
Subjects:

MARC

LEADER 00000cam a2200000 7i4500
001 0000014847
005 20080310.0
008 080306
020 |a 9832567297 
090 0 0 |a MOH   |b MAL 
100 1 |a Mohammed Latiff Mohammed 
245 1 0 |a Nostalgia yang hilang   |c Mohammed Latiff Mohammed 
260 |a Kuala Lumpur :   |b Pekan Ilmu Publications ,   |c 2004 
650 0 |a Malay Fiction 
650 0 |a Short's stories, Malay 
999 |a 0001016395   |b Book   |c Adult Collection   |e Cawangan Urban Transformation Centre 
999 |a 0001016396   |b Book   |c Adult Collection   |e Perbadanan Perpustakaan Awam Johor 
999 |a 0001016399   |b Book   |c Adult Collection   |e Perbadanan Perpustakaan Awam Johor